Регионална библиотека "Любен Каравелов" - Русе

Българско народно творчество (Запис номер 164342)

MARC детайли
000 -Лидер
Контролно поле с фиксирана дължина 01748nam a2200373 c 4500
003 - Код на организацията, давaща контролен номер
Контролно поле BLK
005 - Дата и час на последна редакция
Контролно поле 20240429170217.0
008 - Елементи от данни с фиксирана дължина
fixed length control field 180410b bul|||||r ||||||| ||bul||
010 ## - Наследен системен номер
LC control number KNG00171852000
040 ## - Източник на каталожния запис
Идентификатор на билиотеката - собственик на записа BLK
041 ## - Код за език
Код за езика на текст/звукозапис или на отделно заглавие Български
Код за езика КДБФ Български
072 #7 - Код за тематичната категория
Код организация bullib
Код за тематична категория А
Текст Фонд Михаил Арнаудов
080 ## - УДК
Текстов определител УДК Българска литература
УДК код - определител по УДК 821.163.2
УДК определител -192
УДК - код + определител 821.163.2-192
139 ## - Редно поле
Редна дума Българско народно творчество
Авторски знак Бъл - Б 92
245 10 - Сведения за заглавието
Заглавие Българско народно творчество
Подзаглавни данни Т. 1 - 12
Редно поле (дума) ред. кол. Михаил Петров Арнаудов; отбрал и ред., предг. на том Анастас Примовски; отг. ред. Димитър Осинин.
Том Т. 8
Заглавие на том Трудово-поминъчни песни
257 ## - Страна на издаване
Страна на създаване/издаване България
260 ## - Област на издателските данни
Име на издателя, разпространителя и проч. Бълг. писател
Година на издаване 1961 -
Място на издаване, разпространение и проч. София
300 ## - Физическа характеристика
Размери/Мащаб 23 см
380 ## - Жанр
Жанр Худож. лит.
490 ## - СЕРИИ (Колекции)
9 (RLIN) 396381
Име на серия Частна колекция - Академик Михаил Арнаудов
Бележки за серията Дарение - Основен фонд
659 ## - Тематичен бюлетин
Тематичен бюлетин А
700 1# - Други автори (авторска отговорност)
Лично име Примовски, Анастас
Автороска отговорност (Описва отношението между автора и произведението) отбрал и ред., предг. на том
9 (RLIN) 382074
700 1# - Други автори (авторска отговорност)
Лично име Осинин, Димитър
Автороска отговорност (Описва отношението между автора и произведението) отг. ред.
Друга информация Попов, Димитър Николов
9 (RLIN) 104981
700 1# - Други автори (авторска отговорност)
Лично име Арнаудов, Михаил Петров
9 (RLIN) 33558
760 1# - Описание на основната серия
Място на издаване, издател и година 1962
Страници - том 612 с.
Заглавие Т. 8 Трудово-поминъчни песни
852 ## - Местоположение
Форматна сигнатура Цб МА 187
Фондова буква Фонд "Михаил Арнаудов"
856 4# - Електронен адрес и достъп
Електронен формат pdf - файл
856 4# - Електронен адрес и достъп
Електронен формат pdf - файл
999 ## - СИСТЕМНИ КОНТРОЛНИ НОМЕРА
Koha biblionumber 164342
Koha biblioitemnumber 164342
942 ## - АРТИКУЛИ
Вид на библиотечния материал Книги
Скрит в OPAC Не
Периодичен библиозапис Да
Koha issues (borrowed), all copies 1
944 ## - СЪЗДАВАНЕ И РЕДАКЦИЯ на ЗАПИСА
Създаване/Редакция Създаване
Дата на регистрацията/редакция 21.02.2015
Статус, дата на статуса Христина Везирева
Служител, извършил регистрацията/редакцията 30535
944 ## - СЪЗДАВАНЕ И РЕДАКЦИЯ на ЗАПИСА
Създаване/Редакция Редакция
Дата на регистрацията/редакция 18.01.2017
Статус, дата на статуса 21.02.2015 - от С1,Р / 21.02.2015
Служител, извършил регистрацията/редакцията Геновева_Генчева
999 ## - СИСТЕМНИ КОНТРОЛНИ НОМЕРА
Koha biblioitemnumber 164342
999 ## - СИСТЕМНИ КОНТРОЛНИ НОМЕРА
Koha biblioitemnumber 164342
Наличности
Код за отписване Код за изгубен артикул Източник на класификационната схема Код за повреда Коз за рестрикции Код за отдаване Артикулен № Име на библиотеката - собственик Име на библиотеката, в която се намира в момента Статус (Текущо местоположение) Дата на вписване в системата Местоположение - отдел Цена в лева Инвентарен номер Систематично азбучна сигнатура Баркод Номер на екземпляра Цена в евро Служебна бележка Служебен тип на артикула
  Не е изгубен Universal Decimal Classification Не е повреден без рестрикции ползва се в читалня 276230 Регионална библиотека "Любен Каравелов" Русе Регионална библиотека "Любен Каравелов" Русе Хранилище 1962-01-01 Хранилище 2.02 20082/62 Цб 20619 900000087449 1 1.03 Дост: Dp Вид: Д Дата: 01.01.1962 Книги
Изтеглен Не е изгубен Universal Decimal Classification Не е повреден без рестрикции заемане за дома 276231 Регионална библиотека "Любен Каравелов" Русе Регионална библиотека "Любен Каравелов" Русе Детски отдел 1962-01-01 Детски отдел 2.02 623301 ДХ 886.7/Б 92 623301 2 1.03 Вид: Сф Дата: 01.01.1962 Дата инв: 21.08.2015 Бележки инв: Д2015 Книги
  Не е изгубен Universal Decimal Classification Не е повреден без рестрикции заемане за дома 276232 Регионална библиотека "Любен Каравелов" Русе Регионална библиотека "Любен Каравелов" Русе Заемна - подръчен фонд 1962-01-01 Заемна - подръчен фонд 0.01 625735 П 821.163.2(081)/Б 92 120000625735 3 0.01 Вид: Сф Дата: 01.01.1962 Дата инв: 14.02.2018 Бележки инв: П2018 Книги
  Не е изгубен Universal Decimal Classification Не е повреден без рестрикции заемане за дома 276233 Регионална библиотека "Любен Каравелов" Русе Регионална библиотека "Любен Каравелов" Русе Заемна - подръчен фонд 1962-01-01 Заемна - подръчен фонд 2.02 21075/62 П 821.163.2(081)Б 92 900000042651 4 1.03 Вид: Сф Дата: 01.01.1962 Дата инв: 16.02.2018 Бележки инв: П2018 Книги
  Не е изгубен Universal Decimal Classification Не е повреден само за читалня Специални фондове ( старопечатни, редки и ценни, фонд М. Арнаудов) 276234 Регионална библиотека "Любен Каравелов" Русе Регионална библиотека "Любен Каравелов" Русе Фонд "Михаил Арнаудов" 1973-01-01 Фонд "Михаил Арнаудов" 2.02 321338 МА 187 120000321338 5 1.03 Дост: DA Вид: А N: стар фонд Дата: 01.01.1973 Книги
  Не е изгубен Universal Decimal Classification Не е повреден само за читалня Специални фондове ( старопечатни, редки и ценни, фонд М. Арнаудов) 688380 Регионална библиотека "Любен Каравелов" Русе Регионална библиотека "Любен Каравелов" Русе Фонд "Михаил Арнаудов" 2019-01-17 Фонд "Михаил Арнаудов" 2.02   МА 187 120000820235   1.03   Книги
Vip Innovations Ltd, Rousse, Bulgaria 2025